| 000 | 00909nam a2200253Ia 4500 | ||
|---|---|---|---|
| 003 | OSt | ||
| 005 | 20220923225227.0 | ||
| 006 | a|||||r|||| 00| 0 | ||
| 007 | ta | ||
| 008 | Pun | ||
| 020 | _c160 | ||
| 024 | _a260,738 | ||
| 037 |
_b547, 02/12/2011, H.K. Prakashan _cTextual |
||
| 040 |
_aARTS _cARTS _bPun |
||
| 041 |
_2Pun _aPun |
||
| 082 | _aO44,1:g, 153Q0 | ||
| 100 |
_aਧਾਲੀਵਾਲ, ਪੇ੍ਰਮ ਪ੍ਰਕਾF ਸਿੰਘ _9168534 |
||
| 245 | 0 | _aਭਾਰਤੀ ਕਾਵਿ Fਾਸਤ੍ਰ | |
| 260 |
_aਪਟਿਆਲਾ _b ਮਦਾਨ ਪਬਲਿਕੇFਨਗ਼ _c2010 |
||
| 650 |
_a ਭਾਰਤੀਯ ਕਾਵਿ Fਾਸਤ੍ਰ _9168535 |
||
| 650 | _aਭਾਰਤੀ ਸਾਹਿਤ | ||
| 942 |
_hO44,1:g, 153Q0 _cTEXL _2CC |
||
| 999 |
_c376846 _d376846 |
||